| 000 | 00468nam a2200181 a 4500 | ||
|---|---|---|---|
| 005 | 20231101063643.0 | ||
| 008 | 991125s1969 mx 000 0 spa u | ||
| 035 | _aUPN01000054662 | ||
| 049 | _aCG | ||
| 050 | 4 |
_aPQ7298.16 R32 _bS6.3 |
|
| 100 | 1 |
_aFraire, Isabel, _d1934-2015 _937672 |
|
| 245 | 1 | 0 |
_aSólo esta luz / _cIsabel Fraire. |
| 260 |
_aMéxico : _bEra, _c1969. |
||
| 300 | _a78 p. | ||
| 440 | 0 | _aAlacena | |
| 650 | 4 |
_aPoesía mexicana _91273 |
|
| 905 | _aLibro | ||
| 999 |
_c54662 _d54662 |
||